B.D.CHAURASIA'S HUMAN ANATOMY (Record no. 6965)

MARC details
000 -LEADER
fixed length control field 00362nam a2200145Ia 4500
008 - FIXED-LENGTH DATA ELEMENTS--GENERAL INFORMATION
fixed length control field 150301s2012 xx 000 0 und d
082 ## - DEWEY DECIMAL CLASSIFICATION NUMBER
Classification number 611
Item number B14C
100 ## - MAIN ENTRY--PERSONAL NAME
Personal name CHAURASIA ,B.D
245 ## - TITLE STATEMENT
Title B.D.CHAURASIA'S HUMAN ANATOMY
250 ## - EDITION STATEMENT
Edition statement 6TH
260 ## - PUBLICATION, DISTRIBUTION, ETC. (IMPRINT)
Name of publisher, distributor, etc. CBS PUBLISHERS & DISTRIBUTORS
Place of publication, distribution, etc. DELHI
Date of publication, distribution, etc. 2012
300 ## - PHYSICAL DESCRIPTION
Extent 1-311
650 ## - SUBJECT ADDED ENTRY--TOPICAL TERM
Topical term or geographic name as entry element ANATOMY
942 ## - ADDED ENTRY ELEMENTS (KOHA)
Source of classification or shelving scheme Dewey Decimal Classification
Koha item type Books
Koha issues (borrowed), all copies 53
Holdings
Withdrawn status Lost status Source of classification or shelving scheme Damaged status Not for loan Home library Current library Date acquired Source of acquisition Cost, normal purchase price Serial Enumeration / chronology SGTU Bill Number Total Checkouts Full call number Barcode Date last seen Date last checked out Bill Date Koha item type Total Renewals
    Dewey Decimal Classification     SGT Dental Library SGT Dental Library 02/07/2015 ABC-DELHI 449.00 1 SGTU 5698 6 611 B14C FD7276 26/12/2022 26/12/2022 05/06/2015 Books  
    Dewey Decimal Classification     SGT Dental Library SGT Dental Library 02/07/2015 ABC-DELHI 449.00 1 SGTU 5698 6 611 B14C FD7277 07/03/2024 07/03/2024 05/06/2015 Books  
    Dewey Decimal Classification     SGT Dental Library SGT Dental Library 02/07/2015 ABC-DELHI 449.00 1 SGTU 5698 2 611 B14C FD7278 20/04/2023 11/04/2023 05/06/2015 Books  
    Dewey Decimal Classification     SGT Dental Library SGT Dental Library 02/07/2015 ABC-DELHI 549.00 2 SGTU 5698   611 B14C FD7279 02/07/2015   05/06/2015 Books  
    Dewey Decimal Classification     SGT Dental Library SGT Dental Library 02/07/2015 ABC-DELHI 549.00 2 SGTU 5698   611 B14C FD7280 02/07/2015   05/06/2015 Books  
    Dewey Decimal Classification     SGT Dental Library SGT Dental Library 02/07/2015 ABC-DELHI 549.00 2 SGTU 5698 2 611 B14C FD7281 29/05/2018 21/04/2018 05/06/2015 Books  
    Dewey Decimal Classification     SGT Dental Library SGT Dental Library 02/07/2015 ABC-DELHI 549.00 3 SGTU 5698 42 611 B14C FD7282 24/04/2025 24/04/2025 05/06/2015 Books 2
    Dewey Decimal Classification     SGT Dental Library SGT Dental Library 02/07/2015 ABC-DELHI 549.00 3 SGTU 5698 26 611 B14C FD7283 31/05/2024 31/05/2024 05/06/2015 Books  
    Dewey Decimal Classification     SGT Dental Library SGT Dental Library 02/07/2015 ABC-DELHI 549.00 3 SGTU 5698 23 611 B14C FD7284 03/04/2026 03/04/2026 05/06/2015 Books